O nekotoryh problemah teorii tûrkskogo narodnogo stiha

Elmentve itt :
Bibliográfiai részletek
Szerző: Žirmunskij Viktor Maksimovič
Dokumentumtípus: Cikk
Megjelent: 1968
Sorozat:Voprosy âzykoznaniâ
Kulcsszavak:Török nyelv
Tárgyszavak:
Online Access:http://misc.bibl.u-szeged.hu/65375
LEADER 00769nab a2200229 i 4500
001 misc65375
005 20240828125514.0
008 240202s1968 hu o 000 rus d
040 |a SZTE Miscellanea Repozitórium  |b hun 
041 |a rus 
100 1 |a Žirmunskij Viktor Maksimovič 
245 1 0 |a O nekotoryh problemah teorii tûrkskogo narodnogo stiha  |h [elektronikus dokumentum] /  |c  Žirmunskij Viktor Maksimovič 
260 |c 1968 
300 |a 23-42  |c 27 cm 
300 |a [20] p.  |c 27 cm 
490 0 |a Voprosy âzykoznaniâ 
561 |a Németh Gyula hagyaték 
591 |a NOA 6592 
650 4 |a Bölcsészettudományok 
650 4 |a Nyelvek és irodalom 
695 |a Török nyelv 
856 4 0 |u http://misc.bibl.u-szeged.hu/65375/1/6592_noa.pdf  |z Dokumentum-elérés